| 000 | 01246cam a2200349 ib4500 | ||
|---|---|---|---|
| 999 |
_c1574 _d1574 |
||
| 001 | 005631490 | ||
| 003 | OSt | ||
| 005 | 20230112172659.0 | ||
| 008 | 220715s2008 enka b 000 1 eng d | ||
| 020 |
_a9781406348262 _q(pbk.) : |
||
| 040 |
_aNCNU _beng _cNCNU _dNCNU _dKH8 _eAACR2 |
||
| 042 | _anbic | ||
| 082 | _a813.6 WIL | ||
| 100 | 1 |
_aWillems, Mo. _eauthor |
|
| 245 | 1 | 0 |
_aI love my new toy! / _cby Mo Willems. |
| 260 |
_aLondon : _bWalker Books, _cc2008. |
||
| 300 |
_a57 p. : _bcol. ill. ; _c23 cm. |
||
| 490 | 1 | _aAn elephant & piggie book. | |
| 520 | _aWhen Elephant accidentally breaks Piggie's new toy, they both experience intense feelings before coming to realize how important their friendship is. | ||
| 521 | 1 | _aInterest age level: 004-008. | |
| 586 | _aTheodor Seuss Geisel Award, 2009. | ||
| 650 | 0 |
_aGerald (Fictitious character : Willems) _vFiction. |
|
| 650 | 0 |
_aPiggie (Fictitious character : Willems) _vFiction. |
|
| 650 | 0 |
_aEmotions _vJuvenile fiction. |
|
| 650 | 0 |
_aFriendship _vJuvenile fiction. |
|
| 650 | 0 |
_aElephants _vJuvenile fiction. |
|
| 650 | 0 |
_aPigs _vJuvenile fiction. |
|
| 650 | 0 | _aHumorous stories. | |
| 830 | 0 | _aElephant & piggie book. | |
| 830 | 0 | _aElephant and piggie book. | |
| 942 |
_2ddc _cNFIC |
||